000 00455nam a22001697a 4500
003 OSt
005 20221012180801.0
008 221012b |||||||| |||| 00| 0 eng d
020 _a87-89803-08-6
040 _cBiblioteca Lado V
082 _a750
_bH878l
100 _9155
_aHübl, Michael
_etextos
245 _aLemmerz/
260 _aAlemnia
_bGalleri Faurschou
_c1994
300 _a99p.
_c24x23cm
942 _2ddc
_c1
_h750
_iH878l
_n0
999 _c2274
_d2274